East European military reform after the Cold War : implications for the United States /

Bibliographic Details
Main Author: Szayna, Thomas S., 1960-
Corporate Author: Rand Corporation
Other Authors: Larrabee, F. Stephen
Format: Book
Language:English
Published: Santa Monica, CA : Rand, [1995]
Subjects:

MARC

Tag First Indicator Second Indicator Subfields
LEADER 00000cam a2200000 a 4500
001 in00001237008
005 20151003061114.0
008 941109s1994 cau b 000 0 eng
010 |a  94043474  
020 |a 0833016148 
035 |a (OCoLC)31604539 
035 |9 AGS3511AM 
040 |a DLC  |c DLC  |d TXA  |d UtOrBLW 
043 |a ee-----  |a n-us--- 
049 |a TXAM 
050 0 0 |a UA646.8  |b .S97 1995 
082 0 0 |a 355/.03301717  |2 20 
088 |a MR-523-OSD 
100 1 |a Szayna, Thomas S.,  |d 1960- 
245 1 0 |a East European military reform after the Cold War :  |b implications for the United States /  |c Thomas S. Szayna, F. Stephen Larrabee. 
264 1 |a Santa Monica, CA :  |b Rand,  |c [1995] 
264 4 |c ©1995 
300 |a xiii, 49 pages ;  |c 23 cm. 
336 |a text  |b txt  |2 rdacontent 
337 |a unmediated  |b n  |2 rdamedia 
338 |a volume  |b nc  |2 rdacarrier 
500 |a "Prepared for the Office of the Under Secretary of Defense." 
500 |a Erratum slip inserted. 
500 |a "MR-523-OSD"--page [4] cover. 
504 |a Includes bibliographical references. 
651 0 |a Europe, Eastern  |x Military policy. 
651 0 |a Europe, Eastern  |x Armed Forces  |x Reorganization. 
650 0 |a Military assistance, American  |z Europe, Eastern. 
651 0 |a Europe  |x Politics and government  |y 1989- 
700 1 |a Larrabee, F. Stephen. 
710 2 |a Rand Corporation. 
999 |a MARS 
999 f f |s 907d18df-f5a0-37ed-82e6-b64ccb1b11b8  |i d8232705-bdcd-35bc-9589-583588ec48d9  |t 0 
952 f f |p ric  |a Texas A&M University  |b Rellis Campus  |c Joint Library Facility  |d Remote Storage  |t 0  |e UA646.8 .S97 1995  |h Library of Congress classification  |i unmediated -- volume  |m A14819055564 
998 f f |a UA646.8 .S97 1995  |t 0  |l Remote Storage